[Event "BL2-Sued 0607"]
[Site "Germany"]
[Date "2006.10.29"]
[Round "2.3"]
[White "Meissner, Bernd"]
[Black "Jaracz, Pawel"]
[Result "0-1"]
[WhiteElo "2395"]
[BlackElo "2475"]
[PlyCount "72"]
[EventDate "2006.10.15"]
[EventType "team-tourn"]
[EventRounds "9"]
[EventCountry "GER"]
[SourceTitle "EXT 2008"]
[Source "ChessBase"]
[SourceDate "2007.11.25"]
[SourceVersion "1"]
[SourceVersionDate "2007.11.25"]
[SourceQuality "1"]
[WhiteTeam "Bayern Muenchen"]
[BlackTeam "Trier"]
[WhiteTeamCountry "GER"]
[BlackTeamCountry "GER"]

1. d4 d5 2. Nf3 Nf6 3. c4 c6 4. Nc3 dxc4 5. a4 Bf5 6. Ne5 Nbd7 7. Nxc4 Nb6 8. Ne5 a5 9. f3 Nfd7 10. Nxd7 Nxd7 11. e4 Bg6 12. Be3 Qb6 13. Qd2 e5 14. Rd1 0-0-0 15. Be2 exd4 16. Bxd4 Bc5 17. Qe3 Bxd4 18. Rxd4 Nc5 19. Rxd8+ Rxd8 20. Kf2 Rd2 21. Kf1 Rxb2 22. h4 Nxe4 23. Qxb6 Ng3+ 24. Ke1 Rxb6 25. Rh3 Nxe2 26. Kxe2 Rb2+ 27. Kf1 Rb3 28. f4 b5 29. h5 Bf5 30. h6 gxh6 31. Rg3 Kd7 32. axb5 cxb5 33. Ke2 b4 34. Ne4 Rxg3 35. Nxg3 b3 36. Nxf5 b2 0-1

[Event "BL2-Sued 0506"]
[Site "Germany"]
[Date "2006.01.29"]
[Round "6.4"]
[White "Gasthofer, Viktor"]
[Black "Meissner, Bernd"]
[Result "1/2-1/2"]
[WhiteElo "2330"]
[BlackElo "2357"]
[PlyCount "27"]
[EventDate "2005.10.23"]
[EventType "team-tourn"]
[EventRounds "9"]
[EventCountry "GER"]
[SourceTitle "EXT 2007"]
[Source "ChessBase"]
[SourceDate "2006.11.23"]
[SourceVersion "1"]
[SourceVersionDate "2006.11.23"]
[SourceQuality "1"]
[WhiteTeam "Bad Mergentheim"]
[BlackTeam "Bayern Muenchen"]
[WhiteTeamCountry "GER"]
[BlackTeamCountry "GER"]

1. c4 Nf6 2. Nc3 c5 3. Nf3 g6 4. d4 cxd4 5. Nxd4 Bg7 6. e4 d6 7. Be2 Nc6 8. Be3 0-0 9. f3 Nxd4 10. Bxd4 Be6 11. Qd2 Qa5 12. Rc1 Rfc8 13. b3 a6 14. Be3 1/2-1/2

[Event "BL2-Sued 0506"]
[Site "Germany"]
[Date "2006.01.15"]
[Round "5.4"]
[White "Meissner, Bernd"]
[Black "Postoev Birkenberg, Alexander"]
[Result "1-0"]
[WhiteElo "2357"]
[BlackElo "2256"]
[PlyCount "81"]
[EventDate "2005.10.23"]
[EventType "team-tourn"]
[EventRounds "9"]
[EventCountry "GER"]
[SourceTitle "EXT 2007"]
[Source "ChessBase"]
[SourceDate "2006.11.23"]
[SourceVersion "1"]
[SourceVersionDate "2006.11.23"]
[SourceQuality "1"]
[WhiteTeam "Bayern Muenchen"]
[BlackTeam "Heidelberg Handschuhsheim"]
[WhiteTeamCountry "GER"]
[BlackTeamCountry "GER"]

1. d4 c5 2. d5 d6 3. e4 g6 4. h3 Bg7 5. Nf3 Nf6 6. Nc3 0-0 7. Be2 b5 8. Nd2 a6 9. 0-0 e6 10. Bf3 exd5 11. Nxd5 Nxd5 12. exd5 Nd7 13. Ne4 Ne5 14. Bg5 f6 15. Bc1 h6 16. Be2 f5 17. Nd2 f4 18. Nf3 Ra7 19. c3 Nxf3+ 20. Bxf3 Be5 21. Bd2 Rg7 22. a4 Qh4 23. axb5 axb5 24. Ra8 g5 25. Qe2 g4 26. hxg4 h5 27. g5 Rxg5 28. Rfa1 Rxg2+ 29. Kxg2 Qh3+ 30. Kg1 Kh8 31. Rxc8 Rxc8 32. Bg2 Rg8 33. f3 b4 34. Ra8 Qg3 35. Rxg8+ Kxg8 36. Be1 Qg7 37. Kf1 Kf8 38. cxb4 cxb4 39. Qb5 Bxb2 40. Qb8+ Kf7 41. Qc7+ 1-0

[Event "BL2-Sued 0405"]
[Site "Germany"]
[Date "2005.01.16"]
[Round "5.4"]
[White "Meissner, Bernd"]
[Black "Zuse, Peter"]
[Result "1-0"]
[WhiteElo "2351"]
[BlackElo "2311"]
[PlyCount "69"]
[EventDate "2004.10.24"]
[EventType "team-tourn"]
[EventRounds "9"]
[EventCountry "GER"]
[SourceTitle "EXT 2007"]
[Source "ChessBase"]
[SourceDate "2006.11.23"]
[SourceVersion "1"]
[SourceVersionDate "2006.11.23"]
[SourceQuality "1"]
[WhiteTeam "Bayern Muenchen"]
[BlackTeam "Handschuhsheim"]
[WhiteTeamCountry "GER"]
[BlackTeamCountry "GER"]

1. d4 Nf6 2. c4 g6 3. Nc3 Bg7 4. e4 d6 5. f3 0-0 6. Nge2 Nc6 7. Be3 a6 8. Qd2 Rb8 9. Rb1 b5 10. cxb5 axb5 11. b4 Bd7 12. d5 Ne5 13. Nd4 Qe8 14. Be2 c6 15. dxc6 Bxc6 16. 0-0 Bd7 17. Rfe1 Rb7 18. h3 Qb8 19. f4 Nc4 20. Bxc4 bxc4 21. b5 e5 22. Nc6 Bxc6 23. bxc6 Rxb1 24. Rxb1 Qa8 25. fxe5 dxe5 26. Nd5 c3 27. Nxf6+ Bxf6 28. Qxc3 Qxa2 29. Rb6 Rc8 30. c7 Be7 31. Rb8 Qe6 32. Rxc8+ Qxc8 33. Qxe5 Qd7 34. Bd4 f6 35. Qd5+ 1-0

[Event "BL2-Sued 0405"]
[Site "Germany"]
[Date "2004.11.28"]
[Round "3.4"]
[White "Meissner, Bernd"]
[Black "Gasthofer, Viktor"]
[Result "1/2-1/2"]
[WhiteElo "2351"]
[BlackElo "2333"]
[PlyCount "191"]
[EventDate "2004.10.24"]
[EventType "team-tourn"]
[EventRounds "9"]
[EventCountry "GER"]
[SourceTitle "EXT 2007"]
[Source "ChessBase"]
[SourceDate "2006.11.23"]
[SourceVersion "1"]
[SourceVersionDate "2006.11.23"]
[SourceQuality "1"]
[WhiteTeam "Bayern Muenchen"]
[BlackTeam "Bad Mergentheim"]
[WhiteTeamCountry "GER"]
[BlackTeamCountry "GER"]

1. d4 e6 2. c4 d5 3. Nc3 Nf6 4. cxd5 Nxd5 5. e4 Nxc3 6. bxc3 c5 7. Nf3 cxd4 8. cxd4 Bb4+ 9. Bd2 Bxd2+ 10. Qxd2 0-0 11. Bc4 b6 12. 0-0 Bb7 13. Rfe1 Nd7 14. a4 Qe7 15. a5 Nf6 16. Bd3 bxa5 17. Rxa5 h6 18. h3 Rfc8 19. Qb2 Rc7 20. Qa1 Qd8 21. d5 exd5 22. e5 Ne4 23. Nd4 Nc5 24. Bb1 a6 25. Ra3 Ne4 26. Nf5 Qg5 27. Bxe4 dxe4 28. Ne3 Rd8 29. Ra5 Qg6 30. Qb2 Qe6 31. Qe2 Kh7 32. Rb1 Rdc8 33. Kh2 Rd8 34. Rb2 Rdd7 35. Qe1 Rd4 36. Qb1 Rd3 37. Rb6 Qd7 38. Qb4 Rd4 39. Qb3 Rd3 40. Qb4 Rd4 41. Qb3 Rd3 42. Qb1 Kg8 43. Ng4 Qe7 44. Qb2 Bc8 45. Qe2 Bf5 46. Nf6+ Kh8 47. Nxe4 Ra3 48. Rbxa6 Rxa5 49. Rxa5 Qb4 50. Ra8+ Kh7 51. Nd6 Bg6 52. Qg4 Qe1 53. Qf4 Rc2 54. Nxf7 Bxf7 55. Qxf7 Qxe5+ 56. g3 Rc6 57. Re8 Qf6 58. Qg8+ Kg6 59. Rf8 Qe6 60. Qxe6+ Rxe6 61. Kg2 Ra6 62. Kf3 Ra4 63. Rd8 Ra6 64. Kg4 Kf6 65. h4 Ra5 66. Rd6+ Ke7 67. Rb6 h5+ 68. Kf4 Kf7 69. Rd6 Rb5 70. f3 Ra5 71. Ke4 Ra4+ 72. Rd4 Ra3 73. Rd5 Kg6 74. g4 hxg4 75. fxg4 Ra4+ 76. Rd4 Ra1 77. Rd6+ Kf7 78. h5 Ra4+ 79. Kf5 Ra5+ 80. Kf4 Ra4+ 81. Kg5 Ra5+ 82. Kh4 Rb5 83. Rg6 Rb1 84. Rc6 Rb5 85. Rc4 Rb6 86. Rf4+ Kg8 87. Kg5 Kh7 88. Rf5 Ra6 89. Re5 Rb6 90. Kf4 Rf6+ 91. Ke4 Rf1 92. Rf5 Re1+ 93. Kf4 Rf1+ 94. Ke5 Re1+ 95. Kd6 Re3 96. Re5 1/2-1/2

[Event "BL2-Sued 0304"]
[Site "Germany"]
[Date "2004.??.??"]
[Round "?.1"]
[White "Meissner, Bernd"]
[Black "Kabisch, Thilo"]
[Result "1/2-1/2"]
[WhiteElo "2350"]
[BlackElo "2320"]
[PlyCount "158"]
[EventDate "2003.10.??"]
[EventType "team-tourn"]
[EventRounds "9"]
[EventCountry "GER"]
[SourceTitle "CBM 100 Extra"]
[Source "ChessBase"]
[SourceDate "2004.07.06"]
[SourceVersion "2"]
[SourceVersionDate "2004.07.06"]
[SourceQuality "1"]
[WhiteTeam "Bayern Muenchen"]
[BlackTeam "Boeblingen"]
[WhiteTeamCountry "GER"]
[BlackTeamCountry "GER"]

1. d4 Nf6 2. c4 g6 3. Nc3 Bg7 4. e4 d6 5. Nf3 0-0 6. h3 e5 7. d5 a5 8. Bd3 Na6 9. g4 c6 10. Be3 Bd7 11. Nd2 Rb8 12. 0-0 Nc5 13. Bc2 h5 14. f3 Nh7 15. Qe1 Bf6 16. a3 Bh4 17. Qe2 Bg5 18. b4 axb4 19. axb4 Bxe3+ 20. Qxe3 Na6 21. Rab1 c5 22. bxc5 Nxc5 23. Nb3 Qh4 24. Kg2 Ng5 25. Rh1 b6 26. Qf2 Qxf2+ 27. Kxf2 h4 28. Nd2 Rb7 29. Ra1 b5 30. cxb5 Bxb5 31. Nxb5 Rxb5 32. Ra2 Rb4 33. Kg2 Rd4 34. Bb1 Rb8 35. Rf1 Na4 36. Rc1 Nb2 37. Nf1 Kg7 38. Bc2 Rc4 39. Ne3 Rc3 40. Re1 Rb6 41. Re2 Rb4 42. Re1 Rb7 43. Bb1 Rbb3 44. Bc2 Rxc2+ 45. Nxc2 Nd3 46. Re3 Nf4+ 47. Kf1 Rb1+ 48. Re1 Rb6 49. Re3 Ngxh3 50. Na3 Ra6 51. Rc2 Ng5 52. Rc6 h3 53. Kg1 Ra4 54. Rc4 Ra8 55. Kh2 Rb8 56. Rc2 Rb4 57. Rc4 Rb8 58. Rc2 Ra8 59. Kg3 Rb8 60. Kh2 Rb7 61. Rec3 Rb6 62. Re3 f5 63. Rc6 Rb2+ 64. Rc2 Rb4 65. gxf5 gxf5 66. Nc4 Ng2 67. Rec3 Ne1 68. Nxd6 Nexf3+ 69. Rxf3 Nxf3+ 70. Kxh3 Ng5+ 71. Kh4 Nxe4 72. Nxe4 fxe4 73. Kg4 Kf6 74. Rc6+ Ke7 75. Kf5 e3 76. Re6+ Kd7 77. Rxe5 Rb3 78. Kf4 Kd6 79. Rxe3 Rxe3 1/2-1/2

[Event "Oberliga Bayern 0203"]
[Site "Bayern"]
[Date "2003.03.30"]
[Round "9.4"]
[White "Meissner, Bernd"]
[Black "Kirchner, Thomas"]
[Result "1-0"]
[WhiteElo "2375"]
[BlackElo "2235"]
[PlyCount "175"]
[EventDate "2002.10.20"]
[EventType "team-tourn"]
[EventRounds "9"]
[EventCountry "GER"]
[SourceTitle "EXT 2004"]
[Source "ChessBase"]
[SourceDate "2003.11.25"]
[SourceVersion "1"]
[SourceVersionDate "2003.11.25"]
[SourceQuality "1"]
[WhiteTeam "Bayern Muenchen"]
[BlackTeam "Nuernberg NT"]
[WhiteTeamCountry "GER"]
[BlackTeamCountry "GER"]

1. d4 Nf6 2. c4 e5 3. dxe5 Ng4 4. Nf3 Bc5 5. e3 Nc6 6. Bd2 a5 7. Be2 0-0 8. Bc3 Re8 9. 0-0 Ngxe5 10. Nbd2 Bb4 11. Nxe5 Nxe5 12. Bxb4 axb4 13. Qb3 Qe7 14. Nf3 Nc6 15. Rfd1 b6 16. Ne1 Bb7 17. Bf3 Ra5 18. Bd5 Rea8 19. Nc2 h6 20. h3 R5a7 21. Rd2 Na5 22. Qd3 Bxd5 23. cxd5 c5 24. e4 Qf6 25. Ne3 Nb7 26. Ng4 Qg5 27. Rf1 Rxa2 28. f4 Qh4 29. e5 Ra1 30. Rdf2 Rxf1+ 31. Rxf1 d6 32. Kh2 Rf8 33. Qa6 Qe7 34. Qxb6 h5 35. exd6 Nxd6 36. Ne5 Ne4 37. Re1 Qf6 38. Qxf6 Nxf6 39. Rd1 Rd8 40. d6 Ne4 41. d7 Nf6 42. Rc1 Kf8 43. Rxc5 Nxd7 44. Rd5 Ke8 45. Nc6 Rc8 46. Nxb4 g6 47. Nd3 Ke7 48. Kg3 Ke6 49. Rd4 Rc2 50. f5+ gxf5 51. Nf4+ Ke7 52. b4 Rb2 53. Kh4 Ne5 54. Kxh5 f6 55. Rd5 Rf2 56. g3 Rf3 57. Kh4 Rb3 58. Rb5 Nf3+ 59. Kh5 Ne5 60. Rb7+ Ke8 61. Nd5 Rxg3 62. Nxf6+ Kd8 63. h4 f4 64. Rb8+ Kc7 65. Rb5 Nd3 66. Rf5 Nxb4 67. Rxf4 Nc6 68. Ne4 Rg1 69. Kh6 Kd8 70. h5 Ke7 71. Ng5 Nd8 72. Re4+ Kf8 73. Re2 Rg3 74. Rf2+ Ke7 75. Rf5 Rg1 76. Kh7 Rg2 77. h6 Ke8 78. Kg6 Ke7 79. h7 Rh2 80. Kg7 Ne6+ 81. Nxe6 Kxe6 82. Rg5 Ra2 83. h8Q Ra7+ 84. Kh6 Rf7 85. Qe5+ Kd7 86. Qd5+ Ke7 87. Re5+ Kf8 88. Qd8# 1-0

[Event "Oberliga Bayern 0203"]
[Site "Bayern"]
[Date "2003.03.09"]
[Round "8.4"]
[White "Reis, Thomas"]
[Black "Meissner, Bernd"]
[Result "0-1"]
[WhiteElo "2167"]
[BlackElo "2375"]
[PlyCount "96"]
[EventDate "2002.10.20"]
[EventType "team-tourn"]
[EventRounds "9"]
[EventCountry "GER"]
[SourceTitle "EXT 2004"]
[Source "ChessBase"]
[SourceDate "2003.11.25"]
[SourceVersion "1"]
[SourceVersionDate "2003.11.25"]
[SourceQuality "1"]
[WhiteTeam "Kriegshaber"]
[BlackTeam "Bayern Muenchen"]
[WhiteTeamCountry "GER"]
[BlackTeamCountry "GER"]

1. d4 Nf6 2. Nf3 g6 3. c4 c5 4. d5 e6 5. Nc3 exd5 6. cxd5 d6 7. g3 Bg7 8. Bg2 0-0 9. 0-0 a6 10. a4 Nbd7 11. Nd2 Re8 12. h3 Nh5 13. Kh2 Rb8 14. Nc4 Nb6 15. Na3 Bd7 16. a5 Nc8 17. Nc4 Bb5 18. Nxb5 axb5 19. Ne3 Ra8 20. Bf3 Nf6 21. Bd2 Ne4 22. Be1 Bd4 23. Bxe4 Rxe4 24. Qd3 Qe8 25. Bd2 Bxb2 26. Rab1 c4 27. Qxe4 Qxe4 28. Rxb2 Qd4 29. Rc2 h5 30. Rb1 Na7 31. Bc3 Qe4 32. Rd1 Nc8 33. Rd4 Qe8 34. Kg2 b6 35. a6 Rxa6 36. g4 Ra3 37. gxh5 Rxc3 38. Rxc3 Qe5 39. Nc2 Qxh5 40. Re3 Ne7 41. Nb4 Kf8 42. Rxe7 Qg5+ 43. Kf3 Qxe7 44. e3 Qa7 45. Nc6 Qa1 46. e4 b4 47. e5 dxe5 48. Rxc4 Qd1+ 0-1

[Event "AUT-chT2W 0203"]
[Site "Austria"]
[Date "2003.01.31"]
[Round "7"]
[White "Meissner, Bernd"]
[Black "Bezold, Michael"]
[Result "1/2-1/2"]
[WhiteElo "2382"]
[BlackElo "2468"]
[PlyCount "50"]
[EventDate "2002.10.??"]
[EventType "team-tourn"]
[EventRounds "11"]
[EventCountry "AUT"]
[SourceTitle "EXT 2004"]
[Source "ChessBase"]
[SourceDate "2003.11.25"]
[SourceVersion "1"]
[SourceVersionDate "2003.11.25"]
[SourceQuality "1"]

1. d4 g6 2. c4 Bg7 3. e4 d6 4. Nf3 e5 5. Nc3 exd4 6. Nxd4 Ne7 7. Be3 Nbc6 8. Be2 0-0 9. h4 f5 10. h5 f4 11. Nxc6 Nxc6 12. hxg6 hxg6 13. Bd2 Nd4 14. Rc1 c6 15. b3 Be5 16. Bf3 Qg5 17. Kf1 Be6 18. Ne2 Nxf3 19. gxf3 d5 20. cxd5 cxd5 21. Nc3 d4 22. Na4 Bd7 23. Rc5 Qe7 24. Bb4 Rf7 25. Rc8+ Rxc8 1/2-1/2

[Event "Oberliga Bayern 0203"]
[Site "Bayern"]
[Date "2003.01.12"]
[Round "4.4"]
[White "Rubke, Manfred"]
[Black "Meissner, Bernd"]
[Result "1-0"]
[WhiteElo "2127"]
[BlackElo "2375"]
[PlyCount "85"]
[EventDate "2002.10.20"]
[EventType "team-tourn"]
[EventRounds "9"]
[EventCountry "GER"]
[SourceTitle "EXT 2004"]
[Source "ChessBase"]
[SourceDate "2003.11.25"]
[SourceVersion "1"]
[SourceVersionDate "2003.11.25"]
[SourceQuality "1"]
[WhiteTeam "Haunstetten"]
[BlackTeam "Bayern Muenchen"]
[WhiteTeamCountry "GER"]
[BlackTeamCountry "GER"]

1. c4 Nf6 2. Nc3 g6 3. g3 Bg7 4. Bg2 0-0 5. e4 d6 6. Nge2 c5 7. d3 Nc6 8. 0-0 a6 9. h3 Rb8 10. a4 Ne8 11. Be3 Nc7 12. d4 cxd4 13. Nxd4 Na5 14. Qd3 Ne6 15. Nxe6 Bxe6 16. Nd5 Bxd5 17. exd5 Qc7 18. Rac1 Bxb2 19. Rc2 Bf6 20. c5 Rfc8 21. Rfc1 Qd7 22. c6 bxc6 23. Qxa6 Nb3 24. dxc6 Qc7 25. Rb1 Nc5 26. Qf1 Nxa4 27. Rxb8 Rxb8 28. Qa6 Nc3 29. Bd2 Rb6 30. Qd3 Na4 31. Kh2 Rb8 32. Qa3 Nb6 33. Be3 Nc8 34. Rc4 e6 35. Bf4 Be7 36. Rb4 Rxb4 37. Qxb4 Nb6 38. Be3 Nc8 39. Qb7 Bd8 40. Bg5 Kf8 41. Bxd8 Qxd8 42. c7 Qd7 43. Bc6 1-0

[Event "Oberliga Bayern 0203"]
[Site "Bayern"]
[Date "2002.11.17"]
[Round "2.4"]
[White "Reis, Gerhard"]
[Black "Meissner, Bernd"]
[Result "1/2-1/2"]
[WhiteElo "2185"]
[BlackElo "2375"]
[PlyCount "82"]
[EventDate "2002.10.20"]
[EventType "team-tourn"]
[EventRounds "9"]
[EventCountry "GER"]
[SourceTitle "EXT 2004"]
[Source "ChessBase"]
[SourceDate "2003.11.25"]
[SourceVersion "1"]
[SourceVersionDate "2003.11.25"]
[SourceQuality "1"]
[WhiteTeam "Zirndorf"]
[BlackTeam "Bayern Muenchen"]
[WhiteTeamCountry "GER"]
[BlackTeamCountry "GER"]

1. Nf3 Nf6 2. c4 g6 3. Nc3 Bg7 4. g3 0-0 5. Bg2 d6 6. 0-0 Nc6 7. Rb1 a5 8. a3 Bf5 9. d3 Qd7 10. b4 axb4 11. axb4 Bh3 12. b5 Nd8 13. Bxh3 Qxh3 14. Nd5 Qd7 15. Bg5 Nxd5 16. cxd5 e6 17. Qb3 exd5 18. Qxd5 Qe6 19. Qxe6 Nxe6 20. Rfc1 Ra2 21. Kf1 Nxg5 22. Nxg5 Bh6 23. f4 Bxg5 24. fxg5 Re8 25. Re1 Re5 26. h4 Rc2 27. e4 d5 28. Rbc1 Rxc1 29. Rxc1 dxe4 30. dxe4 Re7 31. Kf2 Kf8 32. Ke3 Rd7 33. Kf4 Re7 34. Ra1 Re6 35. Rc1 c6 36. bxc6 Rxc6 37. Rb1 b6 38. Ra1 Ke7 39. Ra7+ Ke6 40. Rb7 Rd6 41. Ke3 Rc6 1/2-1/2

[Event "Oberliga Bayern 0203"]
[Site "Bayern"]
[Date "2002.10.20"]
[Round "1.4"]
[White "Hellmayr, Alois"]
[Black "Meissner, Bernd"]
[Result "1/2-1/2"]
[WhiteElo "2198"]
[BlackElo "2375"]
[PlyCount "71"]
[EventDate "2002.10.20"]
[EventType "team-tourn"]
[EventRounds "9"]
[EventCountry "GER"]
[SourceTitle "EXT 2004"]
[Source "ChessBase"]
[SourceDate "2003.11.25"]
[SourceVersion "1"]
[SourceVersionDate "2003.11.25"]
[SourceQuality "1"]
[WhiteTeam "Passau"]
[BlackTeam "Bayern Muenchen"]
[WhiteTeamCountry "GER"]
[BlackTeamCountry "GER"]

1. Nf3 Nf6 2. b3 g6 3. Bb2 Bg7 4. g3 0-0 5. Bg2 d6 6. d4 Nc6 7. Nbd2 e5 8. dxe5 Ng4 9. 0-0 Ngxe5 10. Qc1 Re8 11. Nxe5 Nxe5 12. Nf3 Rb8 13. Nxe5 Bxe5 14. Bxe5 Rxe5 15. Qd2 Qe7 16. e3 Bf5 17. c4 Be4 18. Qd4 b6 19. Bxe4 Rxe4 20. Qd5 a5 21. Rad1 Re5 22. Qf3 Kg7 23. Rd5 Re8 24. Rfd1 f5 25. h4 Qf6 26. Kg2 Re4 27. R1d4 R8e6 28. Qd1 Rxd4 29. Rxd4 Qe7 30. Qf3 Re4 31. Rd5 Qf6 32. Qd1 Qc3 33. Rd3 Qe5 34. Rd5 Qc3 35. Rd3 Qe5 36. Rd5 1/2-1/2